Normal view
MARC view
Entry Personal Name
001 - CONTROL NUMBER
- control field: 14785
003 - CONTROL NUMBER IDENTIFIER
- control field: BD-RjUL
005 - DATE AND TIME OF LATEST TRANSACTION
- control field: 20250113150413.0
008 - FIXED-LENGTH DATA ELEMENTS
- fixed length control field: 250113|| aca||aabn | a|a d
040 ## - CATALOGING SOURCE
- Original cataloging agency: BD-RjUL
- Transcribing agency: BD-RjUL
100 ## - HEADING--PERSONAL NAME
- Personal name: Merz, Timothy
670 ## - SOURCE DATA FOUND
- Source citation: Work cat.: (BD-RjUL)74950: Swanson, Carl P. 34444, Cytogenetics : the chromosome in division, inheritance and evolution /, 1982